LEADER 04960nam 22006975 450 001 996352544903316 005 20231110224907.0 010 $a3-11-063146-6 010 $a3-11-063444-9 024 7 $a10.1515/9783110634440 035 $a(CKB)4100000011343778 035 $a(DE-B1597)506807 035 $a(DE-B1597)9783110634440 035 $a(OCoLC)1163877924 035 $a(MiAaPQ)EBC6637472 035 $a(Au-PeEL)EBL6637472 035 $a(oapen)https://directory.doabooks.org/handle/20.500.12854/35870 035 $a(EXLCZ)994100000011343778 100 $a20200623h20202020 fg 101 0 $aeng 135 $aur||#|||||||| 181 $ctxt$2rdacontent 182 $cc$2rdamedia 183 $acr$2rdacarrier 200 00$aFrom Scrolls to Scrolling $eSacred Texts, Materiality, and Dynamic Media Cultures /$fBradford A. Anderson 210 $aBerlin/Boston$cDe Gruyter$d2020 210 1$aBerlin ;$aBoston :$cDe Gruyter,$d[2020] 210 4$d©2020 215 $a1 online resource (XVII, 307 p.) 225 0 $aJudaism, Christianity, and Islam ? Tension, Transmission, Transformation ;$v12 311 $a3-11-062959-3 327 $tFrontmatter --$tOpen-Access-Transformation in den Jüdischen Studien --$tTable of Contents --$tAbbreviations --$tPreface --$tFigures --$tTables --$tIntroduction: Materiality, Liminality, and the Digital Turn: The Sacred Texts of Judaism, Christianity, and Islam in Material Perspective --$tStichographic Layout in the Dead Sea Psalms Scrolls: Observations on its Development and its Potential --$tReading Aids in Early Christian Papyri --$tWriting the Qur??n Between the Lines: Marginal and Interlinear Notes in Selected Qur??n Fragments from the Museum of Islamic Art, Qatar --$tThe Sefer Torah and Jewish Orthodoxy in the Islamic Middle Ages --$tFrom Scroll to Codex: Dynamics of Text Layout Transformation in the Hebrew Bible --$tMemory, Performance, and Change: The Psalms? Layout in Late Medieval and Early Modern Bibles --$tBe Your Own Scribe: Bible Journalling and the New Illuminators of the Densely-Printed Page --$tMonks, Manuscripts, Muhammad, and Digital Editions of the New Testament --$tThe Qur??nic Text from Manuscript to Digital Form: Metalinguistic Markup of Scribes and Editors --$tParatexts and the Hermeneutics of Digital Bibles --$tVirtual Qur??n: Authenticity, Authority, and Ayat in Bytes --$tSacred Texts in a Digital Age: Materiality, Digital Culture, and the Functional Dimensions of Scriptures in Judaism, Christianity, and Islam --$tScriptural Index --$tSubject Index 330 $aThroughout history, the study of sacred texts has focused almost exclusively on the content and meaning of these writings. Such a focus obscures the fact that sacred texts are always embodied in particular material forms?from ancient scrolls to contemporary electronic devices. Using the digital turn as a starting point, this volume highlights material dimensions of the sacred texts of Judaism, Christianity, and Islam. The essays in this collection investigate how material aspects have shaped the production and use of these texts within and between the traditions of Judaism, Christianity, and Islam, from antiquity to the present day. Contributors also reflect on the implications of transitions between varied material forms and media cultures. Taken together, the essays suggests that materiality is significant for the academic study of sacred texts, as well as for reflection on developments within and between these religious traditions. This volume offers insightful analysis on key issues related to the materiality of sacred texts in the traditions of Judaism, Christianity, and Islam, while also highlighting the significance of transitions between various material forms, including the current shift to digital culture. 410 0$aJudaism, Christianity, and Islam - Tension, Transmission, Transformation 606 $aDigital turn 606 $aDigitalisierung 606 $aHeilige Texte 606 $aMaterialität 606 $adigitization 606 $amateriality of sacred texts 606 $aRELIGION / Comparative Religion$2bisacsh 610 $aDigital turn. 610 $adigitization. 610 $amateriality of sacred texts. 615 4$aDigital turn. 615 4$aDigitalisierung. 615 4$aHeilige Texte. 615 4$aMaterialität. 615 4$adigitization. 615 4$amateriality of sacred texts. 615 7$aRELIGION / Comparative Religion. 676 $a001.30285 700 $aAnderson$b Bradford A$4edt$01240895 702 $aAnderson$b Bradford A.$4edt$4http://id.loc.gov/vocabulary/relators/edt 712 02$aFachinformationsdienst Jüdische Studien$4fnd$4http://id.loc.gov/vocabulary/relators/fnd 801 0$bDE-B1597 801 1$bDE-B1597 906 $aBOOK 912 $a996352544903316 996 $aFrom Scrolls to Scrolling$93561128 997 $aUNISA LEADER 04212nam 2200889Ia 450 001 9910781477503321 005 20230725050752.0 010 $a1-283-27827-8 010 $a9786613278272 010 $a0-520-94985-4 024 7 $a10.1525/9780520949850 035 $a(CKB)2550000000040823 035 $a(EBL)740305 035 $a(OCoLC)747412382 035 $a(SSID)ssj0000537870 035 $a(PQKBManifestationID)11324392 035 $a(PQKBTitleCode)TC0000537870 035 $a(PQKBWorkID)10557210 035 $a(PQKB)11038836 035 $a(MiAaPQ)EBC740305 035 $a(DE-B1597)519962 035 $a(DE-B1597)9780520949850 035 $a(Au-PeEL)EBL740305 035 $a(CaPaEBR)ebr10484239 035 $a(CaONFJC)MIL327827 035 $a(EXLCZ)992550000000040823 100 $a20110329d2011 uy 0 101 0 $aeng 135 $aur|n|---||||| 181 $ctxt 182 $cc 183 $acr 200 10$aIn your eyes a sandstorm$b[electronic resource] $eways of being Palestinian /$fArthur Neslen 210 $aBerkeley, Calif. $cUniversity of California Press$d2011 215 $a1 online resource (321 p.) 300 $aDescription based upon print version of record. 311 $a0-520-26427-4 320 $aIncludes bibliographical references. 327 $tFrontmatter -- $tContents -- $tAcknowledgments -- $tIntroduction -- $tThe Disengaged Generation -- $tThe Second Intifada Generation -- $tThe Oslo Generation -- $tThe First Intifada Generation -- $tThe Thawra Generation -- $tThe 1967 (Naksa) Generation -- $tThe Nakba Generation -- $tThe 1936 Generation -- $tPostscript: In Your Eyes a Sandstorm -- $tGlossary -- $tSelected Bibliography and Further Reading -- $tPhoto Captions 330 $aWho are the Palestinians? In this compelling book of interviews, Arthur Neslen reaches beyond journalistic clichés to let a wide variety of Palestinians answer the question for themselves. Beginning in the present with Bisan and Abud, two traumatized children from Jenin's refugee camp, the book's narrative arcs backwards through the generations to come full circle with two elderly refugees from villages that the children were named after. Along the way, Neslen recounts a history of land, resistance, exile, and trauma that begins to explain Abud's wish to become a martyr and Bisan's dream of a Palestine empty of Jews. Senior Fatah and Hamas figures relate key events of the Palestinian experience-the Second Intifada, Oslo Process, First Intifada, Thawra, 1967 War, the Naqba, and the Great Arab Revolt of 1936-in their own words. The extraordinary voices of women, children, farmers, fighters, drug dealers, policeman, doctors, and others, spanning the political divide from Salafi Jihadists to Israeli soldiers, bring the Palestinian story to life even as their words sow seeds of hope in the scorched Palestinian earth. 606 $aPalestinian Arabs$zWest Bank 606 $aPalestinian Arabs$zGaza Strip 610 $acombat. 610 $acontemporary palestine. 610 $aethnic demographic studies. 610 $agovernment and governing. 610 $aground force invasions. 610 $ahistory. 610 $ainternational journalism. 610 $aisrael and palestine history. 610 $aisrael palestine conflict. 610 $ajournalism and politics. 610 $ajournalism in middle east. 610 $alife in middle east. 610 $alife of palestinian. 610 $amiddle east and religion. 610 $amiddle east anthropology. 610 $amiddle east politics. 610 $amiddle east war. 610 $amiddle eastern history. 610 $amilitary drama. 610 $apalestine and refugees. 610 $apalestinian conflict. 610 $apalestinian history. 610 $apeace talks. 610 $apolitics and war. 615 0$aPalestinian Arabs 615 0$aPalestinian Arabs 676 $a305.892/74 700 $aNeslen$b Arthur$01544367 801 0$bMiAaPQ 801 1$bMiAaPQ 801 2$bMiAaPQ 906 $aBOOK 912 $a9910781477503321 996 $aIn your eyes a sandstorm$93838834 997 $aUNINA